Slováci v zahraničí výberová bibliografia

Bibliographic Details
Other Authors: Kontárová, Judita, 1956- (Compiler)
Format: Book
Language:Slovak
PhysicalDescription:28 s., [6] s. obr. príl. 21x15 cm
Published: Galanta Dudvážska knižnica 1997
Edition:[1. vyd.]
Subjects:

MARC

LEADER 00000nam a2200000 a 4500
001 vtls001314328
003 SK-MaSNL
005 20260331203626.0
008 240226s1997 xo o grb 001 0 slo
015 |a SNBSAB1997-00070 
035 |a SNK000266787 
035 |a urn:nbn:sk:snk-amk64h 
035 |a urn:nbn:sk:snk-am004ofq 
035 |a 649CE8D4-38AC-49B8-90F2-B456F221FD9F 
040 |a SNK  |b slo  |c SNK  |e AACR2 
041 0 |a slo 
043 |a e-xo--- 
044 |a xo  |c SK 
100 1 |a Kontárová, Judita,  |d 1956-  |4 com  |9 134012 
245 1 0 |a Slováci v zahraničí  |b výberová bibliografia  |c [zostavila: Judita Kontárová] 
250 |a [1. vyd.] 
260 |a Galanta  |b Dudvážska knižnica  |c 1997 
300 |a 28 s., [6] s.  |b obr. príl.  |c 21x15 cm 
500 |a Údaj o zost. je prevzatý z tiráže 
500 |a 50 výt. 
504 |a Reg. aut. Lit. 219 zázn. o čl. v slov. 
650 0 7 |a Slováci v zahraničí  |2 SNK  |9 14695 
655 7 |a neperiodické bibliografie  |2 SNK  |9 60408 
655 7 |a výberové bibliografie  |2 agk  |9 70561 
999 |c 803009  |d 804939 
952 |t P60, <03>, [BOOK], {603}  |a SNK  |b SNK  |y PREZ  |7 0  |p 17A0112495  |o snkSC 94688  |i snkKSP 12424/97  |0 0  |1 0  |4 0  |d 1997-12-15  |f 1  |l 0  |r 2025-09-12 00:00:00  |w 2026-02-24